000 01011nam a2200253Ia 4500
003 OSt
005 20221005103604.0
006 a|||||r|||| 00| 0
007 ta
008 221004b |||||||| |||| 00| 0 hin d
020 _a8186103155 (hbk)
_c350
024 _a97549
037 _b235, 06/02/2009, Shiv Shakti Book Distributor
_cTextual
040 _aCRL
_cCRL
_bhin
041 _2hin
_ahin
082 _aV2:8.M, P7
100 _aरत्नावत, श्याम सिंह
245 0 _aऔरंगज़ेब तथा उत्तर मुगलकालील दस्तावेज़
246 _aAurangaज़eb tathā uttar mugalakālīl dastāveज़
260 _aजोधपुर
_bराजस्थानी ग्रंथागार भारत
_c2007
300 _a160पृ0
_ccm.
942 _hV2:8.M, P7
_cTEXL
_2cc
999 _c1010358
_d1010358